| 000 | 01229nam a22003497a 4500 | ||
|---|---|---|---|
| 003 | CHAP | ||
| 005 | 20220329143447.0 | ||
| 008 | 080125s200 mx r 00010 spa d | ||
| 010 | _a96975 | ||
| 011 | _a97947 | ||
| 035 | _a108621 | ||
| 040 | _cCHAP | ||
| 082 | 0 | 4 |
_a595.70104 _bSt94 |
| 245 | 0 | 0 |
_aStudies on the shootborer hypsipyla grandella (Zeller) Lep. Pyralidae _c/editado por J.L. Whitmore |
| 260 |
_aTurrialba, C.R. : _bCentro Agronómico Tropical de Investigación y Enseñanza, |
||
| 300 |
_av. : _bilus., cuadros, gráfs. |
||
| 490 | 0 |
_aMiscellaneous publication _v; 1, 101 |
|
| 500 | _aLa biblioteca tiene : v.3 | ||
| 590 |
_aBATCH-UPD _b10 _c20130110 _lUCH01 _h1852 |
||
| 590 |
_aBATCH-UPD _b10 _c20130410 _lUCH01 _h1221 |
||
| 590 |
_aBATCH-UPD _b10 _c20130914 _lUCH01 _h1047 |
||
| 590 |
_aCONVERSION _b10 _c20130109 _lUCH01 _h1354 |
||
| 650 | 1 | 4 |
_aControl biológico de plagas. _927587 |
| 650 | 1 | 4 |
_aHypsipyla grandella. _957120 |
| 650 | 1 | 4 |
_aMeliáceas. _974353 |
| 700 | 0 |
_aWhitmore, Jacob L. _e, ed. _9121760 |
|
| 830 | 0 |
_aMiscellaneous publication _v; 1, 101 _976163 |
|
| 901 | _aBK | ||
| 911 | _aen proceso | ||
| 942 | _cLIBRO | ||
| 949 |
_a595.70104 St94 _bBC _cLIBRO _d33724002105694 _eLIBRO _h111436 _i108621 _sb |
||
| 999 |
_c96975 _d96975 |
||